00981nam a2200205 45000010008000000030004000080050017000120080041000290200016000700400017000860500014001031000024001172450073001412500013002142600041002273000052002685050407003206500026007277000022007534082945OSt20230602152656.0720904s1972 enkac b 001 0 eng  a0-702009717 aDLCcLCdDLC00aQR46.P2211 aParker, Margaret J.10aMicrobiology for nurses. /cMargaret J. Parker and Vivian A. Stucke. a6th ed.; aLondon:bBailliè€re Tyndall,c1982. axi, 260 p.,billus. (some col.), ports.c19 cm. aContents: Introduction -- The History of microbiology -- The Structure and function of micro-organisms -- Infection -- Immunity -- Chemotherapy -- Sterilization and disinfection -- Diagnostic microbiology -- A Guide to common pathogenic bacteria -- A Guide to common viruses -- Applied microbiology -- Isolation techniques -- Problems of nursing care for patients in isolation - The Nursing process --  0aMedical microbiology.1 aStucke, Vivien A.